Kadra Urugwaju na mundial 2022 - Statystyki

Ogólne statystyki
  • Ten quiz został rozwiązany 67 razy
  • Średni wynik to 13 z 26
Statystyki odpowiedzi
Pozycja Zawodnik % Poprawnych
Napastnik Luis Suarez
100%
Napastnik Edinson Cavani
98%
Bramkarz Fernando Muslera
86%
Napastnik Darwin Nunez
81%
Pomocnik Federico Valverde
81%
Obrońca Diego Godin
77%
Obrońca Ronald Araujo
74%
Obrońca Jose Maria Gimenez
70%
Obrońca Sebastian Coates
53%
Obrońca Martin Caceres
47%
Napastnik Giorgian De Arrascaeta
44%
Obrońca Mathias Olivera
44%
Pomocnik Matias Vecino
44%
Pomocnik Facundo Pellistri
42%
Napastnik Maxi Gomez
42%
Pomocnik Rodrigo Bentacur
42%
Bramkarz Sergio Rochet
42%
Pomocnik Lucas Torreira
40%
Pomocnik Manuel Ugarte
40%
Pomocnik Nicolas De La Cruz
35%
Obrońca Matias Vina
30%
Obrońca Jose Luis Rodriguez
21%
Napastnik Facundo Torres
16%
Bramkarz Sebastian Sosa
16%
Napastnik Agustin Canobbio
12%
Obrońca Guillermo Varela
12%
Nie znaleziono quizów pasujących do podanych kryteriów
Rozkład punktacji
Procent ludzi z każdym wynikiem
Percentyl według liczby udzielonych odpowiedzi
Twoja historia wyników
Nie rozwiązałeś tego quizu